| 000 | 00431nam a2200133 4500 | ||
|---|---|---|---|
| 999 |
_c509834 _d509834 |
||
| 008 | 190617b ||||| |||| 00| 0 eng d | ||
| 100 |
_aJarmin, Ron S. _96302 |
||
| 245 | _aEvolving measurement for an evolving economy: thoughts on 21st century US economic statistics | ||
| 260 | _c2019 | ||
| 300 | _ap.165-183. | ||
| 773 | _aJournal of Economic Perspectives | ||
| 906 | _aEconomic statistics - United States | ||
| 942 |
_2ddc _cAR |
||